[Event "Ontario-ch U20 U1800"]
[Site "Mississauga CAN"]
[Date "2019.01.12"]
[Round "2.21"]
[White "Liu, Aaron"]
[Black "Xu, Alex"]
[Result "1/2-1/2"]
[WhiteElo "1532"]
[BlackElo "1456"]
[PlyCount "142"]
[EventDate "2019.01.12"]
[EventType "swiss"]
[EventRounds "5"]
[EventCountry "CAN"]

1. e4 c5 2. Nf3 d6 3. Bb5+ Bd7 4. Bxd7+ Nxd7 5. O-O Ngf6 6. Re1 g6 7. c3 Bg7 8.
d4 cxd4 9. cxd4 O-O 10. h3 Rc8 11. Nc3 Nb6 12. Bf4 d5 13. e5 Nfd7 14. Qd2 Nc4
15. Qc1 e6 16. Rb1 Qa5 17. Bd2 Nxd2 18. Qxd2 Nb6 19. b4 Qa6 20. Rec1 Nc4 21.
Qd3 Bh6 22. Re1 Qc6 23. Rb3 b5 24. Kh1 a6 25. g4 Nb2 26. Qf1 Nc4 27. g5 Bg7 28.
h4 Rc7 29. Qh3 Rfc8 30. Rc1 Nb6 31. h5 Na4 32. Ne2 Qd7 33. Rxc7 Qxc7 34. Nh2
Qc2 35. Re3 Qxa2 36. Ng4 Qb1+ 37. Kg2 gxh5 38. Nf6+ Bxf6 39. gxf6 Kh8 40. Qxh5
Qg6+ 41. Qxg6 hxg6 42. Kf3 Rc4 43. Rb3 Nb6 44. Ra3 Na4 45. Rb3 Kg8 46. Ke3 Kf8
47. Kd3 Ke8 48. Ng1 Kd7 49. f4 Kc7 50. Nf3 Kb6 51. Ng5 Rc7 52. Rb1 Rc3+ 53. Kd2
Rc4 54. Nxf7 Rxd4+ 55. Ke3 Nc3 56. Rc1 Re4+ 57. Kf3 Ne2 58. Rc8 Nd4+ 59. Kg4
Ne2 60. Nd6 Rxf4+ 61. Kg5 d4 62. f7 d3 63. f8=Q Rxf8 64. Rxf8 d2 65. Rf1 Nc3
66. Kxg6 Kc6 67. Kf7 Kd5 68. Kf6 d1=Q 69. Rxd1+ Nxd1 70. Ne8 Kc4 71. Kxe6 Ne3
1/2-1/2

[Event "Ontario-ch U20 U1800"]
[Site "Mississauga CAN"]
[Date "2019.01.12"]
[Round "2.22"]
[White "Zhang, Henry"]
[Black "Yao, Henry"]
[Result "1-0"]
[WhiteElo "1517"]
[BlackElo "1414"]
[PlyCount "75"]
[EventDate "2019.01.12"]
[EventType "swiss"]
[EventRounds "5"]
[EventCountry "CAN"]

1. e4 e5 2. Nf3 Nc6 3. Bb5 Nf6 4. O-O d6 5. Re1 a6 6. Ba4 b5 7. Bb3 Be7 8. h3
O-O 9. c3 Bb7 10. d4 exd4 11. cxd4 Qd7 12. Nbd2 h6 13. Nf1 Rfe8 14. Ng3 Bf8 15.
a3 g6 16. Nh4 Kh7 17. Qd3 Bg7 18. Bc2 Kg8 19. Bb3 Kh7 20. Bd2 Qd8 21. Bxf7 Ne7
22. Bxe8 Qxe8 23. Rac1 Rc8 24. e5 dxe5 25. dxe5 Nfg8 26. Bc3 Rd8 27. Qc2 c5 28.
e6 Bxc3 29. Qxc3 c4 30. Nf3 Bxf3 31. Qxf3 Kh8 32. Qf7 Qc6 33. Rcd1 Re8 34. Ne4
Qa8 35. Nf6 Nxf6 36. Qxf6+ Kg8 37. Qf7+ Kh8 38. Rd7 1-0

[Event "Ontario-ch U20 U1800"]
[Site "Mississauga CAN"]
[Date "2019.01.12"]
[Round "2.23"]
[White "Dong, Yiwei"]
[Black "Dey, Jan Marten"]
[Result "1-0"]
[WhiteElo "1493"]
[BlackElo "1412"]
[PlyCount "123"]
[EventDate "2019.01.12"]
[EventType "swiss"]
[EventRounds "5"]
[EventCountry "CAN"]

1. d4 Nf6 2. Nf3 d5 3. Bf4 Nc6 4. e3 e6 5. Nbd2 Bd6 6. Bg3 Bd7 7. c3 Bxg3 8.
hxg3 Qe7 9. c4 O-O-O 10. cxd5 exd5 11. Be2 Bf5 12. Rc1 Ne4 13. Bb5 Nxd2 14.
Qxd2 Nb4 15. a3 Nc2+ 16. Rxc2 Bxc2 17. Qxc2 Rd6 18. Rxh7 Rxh7 19. Qxh7 a6 20.
Ba4 b5 21. Bb3 Rh6 22. Qf5+ Qe6 23. Qxe6+ fxe6 24. Ke2 Rh1 25. Ne1 Kd7 26. Nd3
Rg1 27. Kf3 a5 28. Bc2 a4 29. b3 Ra1 30. bxa4 bxa4 31. Bxa4+ Kd6 32. Nf4 e5 33.
dxe5+ Kxe5 34. Bc6 d4 35. exd4+ Kxd4 36. a4 Ra3+ 37. Kg4 Kc5 38. Bb5 c6 39. Be2
Rxa4 40. Kg5 Ra2 41. Kg6 Kd4 42. Kxg7 Ke5 43. Kg6 Rc2 44. Kg5 c5 45. f3 c4 46.
Bxc4 Rxc4 47. Ng6+ Kd6 48. g4 Rc5+ 49. Kh4 Ke6 50. f4 Kf6 51. Ne5 Rc7 52. Kg3
Rc3+ 53. Nf3 Ke6 54. Kh4 Kf6 55. Ng5 Rc1 56. Ne4+ Kg6 57. f5+ Kh6 58. g5+ Kg7
59. Kg4 Rg1 60. g3 Re1 61. Kf4 Rf1+ 62. Ke5 1-0

[Event "Ontario-ch U20 U1800"]
[Site "Mississauga CAN"]
[Date "2019.01.12"]
[Round "2.24"]
[White "Yang, Matthew"]
[Black "Qiu, James"]
[Result "1-0"]
[WhiteElo "1475"]
[BlackElo "1338"]
[PlyCount "71"]
[EventDate "2019.01.12"]
[EventType "swiss"]
[EventRounds "5"]
[EventCountry "CAN"]

1. d4 d5 2. c4 e6 3. Nf3 Nf6 4. Nc3 b6 5. Bg5 Bb7 6. e3 Nbd7 7. Bd3 Be7 8. O-O
O-O 9. Qc2 dxc4 10. Bxc4 Bxf3 11. gxf3 Ne8 12. Bf4 Nd6 13. Bd3 h6 14. Nb5 Nxb5
15. Bxb5 Rc8 16. Ba6 Ra8 17. Bb7 Bd6 18. Bxd6 cxd6 19. Bxa8 Qxa8 20. Qc7 Nf6
21. Qxd6 Qxf3 22. Qg3 Qe2 23. b3 Ne4 24. Qf4 f5 25. Rfe1 Qa6 26. Qe5 Ng5 27.
Qd6 Nf3+ 28. Kh1 Nxe1 29. Qxe6+ Kh7 30. Rxe1 Rf6 31. Qd7 Qxa2 32. Rg1 Rg6 33.
Qxf5 Kg8 34. Qxg6 Kf8 35. Qxg7+ Ke8 36. Qh7 1-0

[Event "Ontario-ch U20 U1800"]
[Site "Mississauga CAN"]
[Date "2019.01.12"]
[Round "3.8"]
[White "Hua, MIchelle"]
[Black "Gauthier, David"]
[Result "1-0"]
[WhiteElo "1731"]
[BlackElo "1627"]
[PlyCount "113"]
[EventDate "2019.01.12"]
[EventType "swiss"]
[EventRounds "5"]
[EventCountry "CAN"]

1. c4 Nf6 2. g3 c6 3. Bg2 d5 4. cxd5 cxd5 5. Nf3 Nc6 6. O-O e5 7. d3 Be7 8. Nc3
O-O 9. b3 Bf5 10. Bb2 d4 11. Nb1 Rc8 12. Nbd2 b5 13. a3 Re8 14. Rc1 Qd7 15. b4
Bd6 16. Nb3 Bh3 17. Nc5 Bxc5 18. Rxc5 Bxg2 19. Kxg2 Qb7 20. Qb3 Nd7 21. Rc2 Nb6
22. Rfc1 Kh8 23. Kg1 Rf8 24. Ng5 h6 25. Ne4 Qe7 26. Rxc6 Rxc6 27. Rxc6 f5 28.
Nc5 f4 29. Qe6 Qg5 30. Ne4 Qh5 31. g4 Qh4 32. Qg6 Nc8 33. Rc7 Ne7 34. Qe6 Nd5
35. Qxd5 Qxg4+ 36. Kf1 f3 37. Ng3 Qh3+ 38. Ke1 fxe2 39. Kxe2 Qg4+ 40. Ke1 Qf4
41. Rc2 Qh4 42. Qg2 Qf6 43. Ne4 Qe6 44. Rc7 Rg8 45. Qg3 Qb3 46. Bc1 Qe6 47. Qh4
Qb6 48. Re7 Qc6 49. Bd2 Qg6 50. Ke2 Rf8 51. Rxa7 Qf5 52. Qg3 Qh5+ 53. Ke1 Rg8
54. Nd6 e4 55. Nxe4 Qd5 56. Qg6 Qe5 57. Bxh6 1-0

[Event "Ontario-ch U20 U1800"]
[Site "Mississauga CAN"]
[Date "2019.01.12"]
[Round "3.9"]
[White "Li, Adam"]
[Black "Locham, Divjot"]
[Result "1/2-1/2"]
[WhiteElo "1659"]
[BlackElo "1599"]
[PlyCount "48"]
[EventDate "2019.01.12"]
[EventType "swiss"]
[EventRounds "5"]
[EventCountry "CAN"]

1. e4 e5 2. Nf3 Nc6 3. Bc4 Bc5 4. c3 Nf6 5. d4 exd4 6. cxd4 Bb4+ 7. Bd2 Nxe4 8.
Bxb4 Nxb4 9. Bxf7+ Kxf7 10. Qb3+ Kf8 11. Qxb4+ Qe7 12. Qxe7+ Kxe7 13. O-O Nf6
14. Nc3 d6 15. Rac1 Bg4 16. Nd2 a6 17. f3 Be6 18. Nde4 h6 19. Nxf6 gxf6 20. d5
Bf7 21. Rfe1+ Kd7 22. Ne4 f5 23. Nc3 Rae8 24. Kf2 Rxe1 1/2-1/2

[Event "Ontario-ch U20 U1800"]
[Site "Mississauga CAN"]
[Date "2019.01.12"]
[Round "3.10"]
[White "Sharma, Vishruth"]
[Black "Hughes-Dupuy, Henry"]
[Result "1-0"]
[WhiteElo "1641"]
[BlackElo "1596"]
[PlyCount "66"]
[EventDate "2019.01.12"]
[EventType "swiss"]
[EventRounds "5"]
[EventCountry "CAN"]

1. e4 e6 2. d4 d5 3. e5 c5 4. c3 Qb6 5. Nf3 Nc6 6. a3 Bd7 7. Be2 Nh6 8. b4 cxd4
9. cxd4 Nf5 10. Bb2 Be7 11. O-O a6 12. Qd3 Na7 13. Nc3 Bb5 14. Nxb5 Nxb5 15.
Rfd1 Rc8 16. Rac1 O-O 17. Ne1 Rxc1 18. Rxc1 Nfxd4 19. Bg4 Bg5 20. Rc5 Nc6 21.
Qh3 Ne7 22. Nf3 Bh6 23. g3 Rc8 24. Rxc8+ Nxc8 25. a4 Nba7 26. Bc3 Qc6 27. Bd4
Qxa4 28. Bxe6 Qc6 29. Bd7 Qg6 30. Bxc8 Qb1+ 31. Kg2 Qxb4 32. Bxa7 b6 33. Bxa6
g6 1-0

[Event "Ontario-ch U20 U1800"]
[Site "Mississauga CAN"]
[Date "2019.01.12"]
[Round "3.11"]
[White "Chen, Richard"]
[Black "Leblanc, Miguel"]
[Result "1-0"]
[WhiteElo "1738"]
[BlackElo "1539"]
[PlyCount "139"]
[EventDate "2019.01.12"]
[EventType "swiss"]
[EventRounds "5"]
[EventCountry "CAN"]

1. Nf3 d5 2. g3 Nc6 3. d4 Bg4 4. Bg2 Nf6 5. h3 Bf5 6. O-O e6 7. Bf4 h6 8. Nbd2
Bd6 9. Bxd6 Qxd6 10. c4 g5 11. h4 gxh4 12. Nxh4 Nxd4 13. cxd5 Bc2 14. Qe1 Qa6
15. e3 Ne2+ 16. Kh1 Nxd5 17. Bf3 Bd3 18. Nb3 b6 19. Rd1 Bb5 20. a3 O-O-O 21.
Na1 Rhg8 22. Bxd5 Rxd5 23. Rxd5 exd5 24. Kg2 Qb7 25. Kh2 c5 26. a4 Bd3 27. Qd1
Qa6 28. Re1 Rg4 29. b3 d4 30. exd4 Rxd4 31. Nf3 Re4 32. Qd2 Re6 33. Rd1 Nd4 34.
Nxd4 cxd4 35. Qxd3 Qxd3 36. Rxd3 Re2 37. Kg2 Ra2 38. Rd1 Kc7 39. Rc1+ Kd6 40.
Nc2 Kc5 41. Ne3+ Kb4 42. Nf5 d3 43. Rd1 Kc3 44. Kf3 d2 45. Ke2 Kxb3 46. Rxd2
Rxd2+ 47. Kxd2 Kxa4 48. Nxh6 f6 49. Ng8 f5 50. Ne7 Kb4 51. Nc6+ Kc5 52. Nxa7
Kd5 53. Nb5 Ke4 54. Nd6+ Kf3 55. Nxf5 Kg4 56. Ne3+ Kg5 57. Kc3 b5 58. Kb4 Kf6
59. Kxb5 Kg6 60. f4 Kf6 61. g4 Kg6 62. f5+ Kf6 63. Kc6 Kf7 64. g5 Kg7 65. f6+
Kf7 66. Kd7 Kf8 67. g6 Kg8 68. f7+ Kf8 69. Kd8 Kg7 70. Ke7 1-0

[Event "Ontario-ch U20 U1800"]
[Site "Mississauga CAN"]
[Date "2019.01.12"]
[Round "3.12"]
[White "Liu, Harrison"]
[Black "Chakkoli, Anirud"]
[Result "1-0"]
[WhiteElo "1772"]
[BlackElo "1673"]
[PlyCount "62"]
[EventDate "2019.01.12"]
[EventType "swiss"]
[EventRounds "5"]
[EventCountry "CAN"]

1. e4 c5 2. Ne2 Nc6 3. d4 cxd4 4. Nxd4 Nf6 5. Nc3 d6 6. Bc4 e6 7. Be3 a6 8. f3
Be7 9. Qd2 Qc7 10. O-O O-O 11. Rad1 b5 12. Nxc6 Qxc6 13. Bb3 Bb7 14. a3 Rfd8
15. Bg5 d5 16. e5 d4 17. Ne2 Bc5 18. Kh1 Ng4 19. Bxd8 Rxd8 20. Qg5 Nf2+ 21.
Rxf2 Rd7 22. Nxd4 Bxd4 23. Rfd2 h6 24. Qh5 Qc5 25. Bxe6 fxe6 26. Qe8+ Kh7 27.
Qxd7 Qf8 28. Qxb7 Bxb2 29. Rd7 Bxa3 30. Rf7 Qg8 31. Rdd7 Be7 1-0

[Event "Ontario-ch U20 U1800"]
[Site "Mississauga CAN"]
[Date "2019.01.12"]
[Round "3.13"]
[White "Dong, Yiwei"]
[Black "Landstrom, Wiliam"]
[Result "1-0"]
[WhiteElo "1493"]
[BlackElo "1720"]
[PlyCount "103"]
[EventDate "2019.01.12"]
[EventType "swiss"]
[EventRounds "5"]
[EventCountry "CAN"]

1. d4 d6 2. Nf3 Nf6 3. Bf4 Nbd7 4. Nc3 c6 5. e4 Qc7 6. h3 e5 7. Be3 Be7 8. a3
b6 9. dxe5 dxe5 10. Bd3 Bb7 11. Ne2 c5 12. Ng3 c4 13. Be2 Bxe4 14. Nxe4 Nxe4
15. Qd5 Rd8 16. Qxe4 c3 17. b4 g6 18. Qc4 Qb8 19. Ng5 O-O 20. Qxc3 h6 21. Nf3
e4 22. Nd2 f5 23. Bc4+ Kh7 24. g4 f4 25. Bd4 e3 26. fxe3 Bh4+ 27. Kd1 fxe3 28.
Qxe3 Rfe8 29. Qf3 Rf8 30. Qc3 b5 31. Bd3 Nf6 32. Nf3 Nd5 33. Qc6 Rd6 34. Qxd6
Qxd6 35. Bc5 Qf6 36. Nd4 Re8 37. Bxb5 Nc3+ 38. Kd2 Nxb5 39. Nxb5 Bg5+ 40. Kd3
Qf3+ 41. Kc4 Qe2+ 42. Kb3 Qxb5 43. Rhf1 Qb7 44. Rad1 Rd8 45. Rde1 Rd7 46. Re8
Rf7 47. Rfe1 Bf6 48. c4 Bg5 49. Bd4 Qf3+ 50. Ka4 Qc6+ 51. Ka5 Qxc4 52. Rh8# 1-0

[Event "Ontario-ch U20 U1800"]
[Site "Mississauga CAN"]
[Date "2019.01.12"]
[Round "3.14"]
[White "Yuen, Noah"]
[Black "Yang, Matthew"]
[Result "1-0"]
[WhiteElo "1711"]
[BlackElo "1475"]
[PlyCount "53"]
[EventDate "2019.01.12"]
[EventType "swiss"]
[EventRounds "5"]
[EventCountry "CAN"]

1. d4 d5 2. c4 e6 3. Nc3 Nf6 4. cxd5 exd5 5. Bg5 Be7 6. e3 O-O 7. Bd3 b6 8.
Nge2 Nbd7 9. O-O Bb7 10. Rc1 c5 11. Bb1 Ne4 12. Bxe7 Nxc3 13. Qc2 Nxe2+ 14. Kh1
Nf6 15. Bxf6 g6 16. Bxd8 Rfxd8 17. Qxe2 a5 18. dxc5 Ba6 19. Bd3 Bxd3 20. Qxd3
bxc5 21. Rxc5 Rab8 22. Rc2 Rb4 23. h3 Rd4 24. Qxd4 Rd7 25. g4 Rd6 26. Rc8+ Rd8
27. Rxd8# 1-0

[Event "Ontario-ch U20 U1800"]
[Site "Mississauga CAN"]
[Date "2019.01.12"]
[Round "3.15"]
[White "Liao, Yilin"]
[Black "Han, Richard"]
[Result "1-0"]
[WhiteElo "1381"]
[BlackElo "1648"]
[PlyCount "115"]
[EventDate "2019.01.12"]
[EventType "swiss"]
[EventRounds "5"]
[EventCountry "CAN"]

1. e4 e5 2. Nf3 Nc6 3. Bc4 Bc5 4. c3 Nf6 5. d3 d6 6. h3 h6 7. Be3 Bb6 8. O-O
O-O 9. Nbd2 Ne7 10. Re1 Ng6 11. Nf1 Bxe3 12. Nxe3 a6 13. Bb3 Nh5 14. Nd2 Nhf4
15. Ndf1 Qg5 16. Ng3 h5 17. Kh1 h4 18. Ne2 Kh8 19. Nxf4 Nxf4 20. Rg1 f5 21.
exf5 Bxf5 22. Nxf5 Qxf5 23. Bc2 Nxh3 24. Rf1 Nf4 25. d4 Qg5 26. Rg1 Qh6 27. Qg4
g6 28. Rae1 exd4 29. cxd4 Rf7 30. Re3 Kg7 31. Rge1 Nd5 32. Rf3 Raf8 33. Bb3
Rxf3 34. gxf3 Nf6 35. Re7+ Kh8 36. Qh3 Qc1+ 37. Kh2 Qf4+ 38. Kh1 Re8 39. Rxe8+
Nxe8 40. Qg4 Qxg4 41. fxg4 Nf6 42. f3 Kg7 43. Kg2 d5 44. g5 Nh7 45. f4 c6 46.
Kh3 Kf7 47. Kxh4 Ke6 48. Kg4 Nf8 49. Bc2 b6 50. b4 Kd6 51. f5 gxf5+ 52. Kxf5
Ne6 53. g6 Nxd4+ 54. Kf6 Ne6 55. Bf5 Nc7 56. Kf7 Nb5 57. g7 Nd4 58. Bh3 1-0

[Event "Ontario-ch U20 U1800"]
[Site "Mississauga CAN"]
[Date "2019.01.12"]
[Round "3.16"]
[White "Xie, Joanna"]
[Black "Stroganov, Victor"]
[Result "0-1"]
[WhiteElo "1373"]
[BlackElo "1587"]
[PlyCount "52"]
[EventDate "2019.01.12"]
[EventType "swiss"]
[EventRounds "5"]
[EventCountry "CAN"]

1. e4 d6 2. d4 Nf6 3. Bd3 Nbd7 4. Nf3 g6 5. c3 Bg7 6. O-O O-O 7. Bg5 h6 8. Be3
e5 9. Bc4 Nxe4 10. Qc2 Nb6 11. Bxf7+ Rxf7 12. Qxe4 Bf5 13. Qxb7 exd4 14. cxd4
Bd3 15. Rc1 c5 16. Qc6 Rc8 17. Qxc8 Qxc8 18. Nc3 Nc4 19. b3 Nxe3 20. fxe3 cxd4
21. Nxd4 Rc7 22. Nce2 Bxd4 23. Rxc7 Bxe3+ 24. Kf1 Qf5+ 25. Ke1 Qf2+ 26. Kd1
Qxe2# 0-1

[Event "Ontario-ch U20 U1800"]
[Site "Mississauga CAN"]
[Date "2019.01.12"]
[Round "3.17"]
[White "Ning, Oswin"]
[Black "Wang, Eric"]
[Result "1/2-1/2"]
[WhiteElo "1462"]
[BlackElo "1579"]
[PlyCount "41"]
[EventDate "2019.01.12"]
[EventType "swiss"]
[EventRounds "5"]
[EventCountry "CAN"]

1. e4 e5 2. Nf3 Nc6 3. d4 exd4 4. Nxd4 Nf6 5. Nxc6 bxc6 6. Nc3 Bb4 7. Bd3 O-O
8. O-O Re8 9. Re1 d6 10. Bg5 Bc5 11. e5 dxe5 12. Rxe5 Bxf2+ 13. Kh1 Be6 14. Qf3
Bd4 15. Ree1 Bxc3 16. bxc3 Qd5 17. Bxf6 Qxf3 18. gxf3 gxf6 19. a3 Bd5 20. Kg2
Kg7 21. Kf2 1/2-1/2

[Event "Ontario-ch U20 U1800"]
[Site "Mississauga CAN"]
[Date "2019.01.12"]
[Round "3.18"]
[White "Huang, Richard"]
[Black "Wang, Zhixing"]
[Result "1-0"]
[WhiteElo "1520"]
[BlackElo "1324"]
[PlyCount "103"]
[EventDate "2019.01.12"]
[EventType "swiss"]
[EventRounds "5"]
[EventCountry "CAN"]

1. e4 c5 2. c3 d5 3. exd5 Qxd5 4. d4 cxd4 5. cxd4 Nf6 6. Nc3 Qd8 7. Bc4 g6 8.
Nf3 Bg7 9. O-O O-O 10. h3 Nc6 11. Be3 Bf5 12. Ne5 Nxe5 13. dxe5 Qxd1 14. Raxd1
Ne4 15. Nxe4 Bxe4 16. f4 Rac8 17. Bd5 Bxd5 18. Rxd5 Rfd8 19. Rxd8+ Rxd8 20.
Bxa7 Ra8 21. Bc5 Rxa2 22. Ba3 e6 23. Kf2 Bf8 24. Bxf8 Kxf8 25. Rb1 Ke7 26. Ke3
f6 27. g4 fxe5 28. fxe5 Ra5 29. Kf4 h6 30. Rc1 Ra4+ 31. Kg3 Kd7 32. Rd1+ Ke7
33. Rf1 Rb4 34. Rf6 Rb3+ 35. Kh4 g5+ 36. Kh5 Rxh3+ 37. Kg6 Kd7 38. Rf7+ Kc6 39.
Kf6 Kd5 40. Rd7+ Kc6 41. Rd6+ Kc7 42. Kxe6 Re3 43. Rd7+ Kc6 44. Rh7 Rh3 45. Ke7
Re3 46. Rxh6+ Kd5 47. e6 Re4 48. Kd7 Rxg4 49. e7 Re4 50. e8=Q Rxe8 51. Kxe8 g4
52. Rg6 1-0

[Event "Ontario-ch U20 U1800"]
[Site "Mississauga CAN"]
[Date "2019.01.12"]
[Round "3.19"]
[White "Srinivas, Atharva"]
[Black "Wang, Andrew"]
[Result "1-0"]
[WhiteElo "1501"]
[BlackElo "1440"]
[PlyCount "159"]
[EventDate "2019.01.12"]
[EventType "swiss"]
[EventRounds "5"]
[EventCountry "CAN"]

1. e4 e5 2. Nf3 Nf6 3. Nxe5 d6 4. Nf3 Nxe4 5. d3 Nf6 6. Nc3 Nc6 7. Be2 Be7 8.
h3 O-O 9. O-O d5 10. d4 h6 11. Bf4 Bd6 12. Ne5 Bxe5 13. dxe5 Nd7 14. Qxd5 Nb4
15. Qb3 Nc6 16. Rad1 Qh4 17. Bg3 Qb4 18. Qxb4 Nxb4 19. a3 Nc6 20. f4 Nb6 21.
Nb5 Bf5 22. Bd3 Bxd3 23. Rxd3 Rac8 24. Bf2 Nc4 25. b3 Nb6 26. Bxb6 axb6 27. Rd7
Nb8 28. Rd3 Na6 29. Rfd1 Nc5 30. R3d2 f6 31. exf6 gxf6 32. Re2 Rf7 33. Red2
Rff8 34. b4 Na6 35. Rd7 Rf7 36. f5 Kf8 37. Rxf7+ Kxf7 38. Rd7+ Kg8 39. g4 c6
40. Nd6 Rc7 41. Rxc7 Nxc7 42. Nxb7 Nb5 43. a4 Nc7 44. Nd8 c5 45. bxc5 bxc5 46.
Ne6 Na6 47. Kf2 Kf7 48. Ke3 Ke7 49. Kd3 Kd6 50. Kc4 Kc6 51. a5 Nb4 52. c3 Na6
53. h4 Nb8 54. Nd8+ Kd6 55. Nf7+ Kc6 56. Nxh6 Nd7 57. Nf7 Nf8 58. g5 Kd7 59.
Kxc5 fxg5 60. hxg5 Ke7 61. Ne5 Nh7 62. a6 Nxg5 63. a7 Ne4+ 64. Kb4 Nd6 65. a8=Q
Nxf5 66. Qb7+ Ke6 67. Qe4 Nd6 68. Qe2 Kd5 69. c4+ Kd4 70. Qd3+ Kxe5 71. Qd5+
Kf4 72. Qxd6+ Ke4 73. c5 Kf5 74. c6 Ke4 75. c7 Kf3 76. c8=Q Ke4 77. Qe8+ Kf5
78. Qdf8+ Kg5 79. Qee7+ Kg6 80. Qeg7+ 1-0

[Event "Ontario-ch U20 U1800"]
[Site "Mississauga CAN"]
[Date "2019.01.12"]
[Round "3.20"]
[White "Lin, Alle"]
[Black "Ran, Xiaoyu"]
[Result "0-1"]
[WhiteElo "1485"]
[BlackElo "1622"]
[PlyCount "134"]
[EventDate "2019.01.12"]
[EventType "swiss"]
[EventRounds "5"]
[EventCountry "CAN"]

1. d4 d5 2. c4 Nf6 3. cxd5 Qxd5 4. Nc3 Qd8 5. Nf3 Bf5 6. Bf4 e6 7. e3 Bd6 8.
Bg5 Nbd7 9. e4 Bg4 10. e5 Bxe5 11. dxe5 Bxf3 12. Qxf3 Nxe5 13. Qd1 Qe7 14. Be2
h6 15. Bxf6 gxf6 16. Qa4+ c6 17. O-O-O b5 18. Qc2 f5 19. f4 Nd7 20. Nxb5 cxb5
21. Bxb5 O-O 22. Rxd7 Qb4 23. Qe2 Rab8 24. Bc4 Rfc8 25. b3 Qa3+ 26. Kd1 Rxc4
27. Qxc4 Qxa2 28. Rd3 Qb1+ 29. Qc1 Qxd3+ 30. Qd2 Qb1+ 31. Qc1 Rxb3 32. Ke2 Qd3+
33. Kf2 Qd4+ 34. Ke1 Re3+ 35. Kf1 Qd3+ 36. Kg1 Qe2 37. Qf1 Qxf1+ 38. Kxf1 a5
39. Kf2 Re4 40. Ra1 Rxf4+ 41. Ke3 Re4+ 42. Kf3 a4 43. Ra3 Rb4 44. Kf2 Kf8 45.
g3 Ke7 46. Ke1 Kd6 47. Kd1 Kc5 48. Kc2 Rb3 49. Rxa4 Rf3 50. Rh4 e5 51. Rxh6 e4
52. Rf6 Rf2+ 53. Kd1 e3 54. Rxf7 Kd4 55. Rd7+ Ke4 56. Ke1 Rxh2 57. Rf7 f4 58.
Rxf4+ Kd3 59. Rf3 Rh1+ 60. Rf1 Rxf1+ 61. Kxf1 Kd2 62. g4 e2+ 63. Kf2 e1=Q+ 64.
Kg2 Qe3 65. Kh2 Ke2 66. g5 Kf2 67. g6 Qh6# 0-1

[Event "Ontario-ch U20 U1800"]
[Site "Mississauga CAN"]
[Date "2019.01.12"]
[Round "3.21"]
[White "Xu, William"]
[Black "Liu, Aaron"]
[Result "0-1"]
[WhiteElo "1328"]
[BlackElo "1532"]
[PlyCount "120"]
[EventDate "2019.01.12"]
[EventType "swiss"]
[EventRounds "5"]
[EventCountry "CAN"]

1. e4 e5 2. Nf3 Nc6 3. Bc4 Bc5 4. d3 Nf6 5. Nc3 d6 6. Bg5 h6 7. Bh4 g5 8. Bg3
Be6 9. Bb5 Qd7 10. Na4 Bb6 11. Nxb6 axb6 12. Nd2 Qe7 13. a3 Bd7 14. h4 O-O-O
15. Nb3 Rdg8 16. Qd2 Bg4 17. f3 Be6 18. O-O-O Bxb3 19. cxb3 Nd4 20. Bc4 b5 21.
Bxb5 Nxb3+ 22. Kb1 Nxd2+ 23. Rxd2 c6 24. Rc1 Kb8 25. Ba4 Qe6 26. hxg5 Rxg5 27.
Bh4 Rg6 28. d4 exd4 29. Rxd4 Rxg2 30. Rb4 Kc7 31. Be1 h5 32. Rb3 h4 33. Ba5+
Kc8 34. Bxc6 Qxb3 35. Ba4+ Rc2 36. Rxc2+ Qxc2+ 37. Kxc2 h3 38. Bc3 Rh6 39. Bd2
Rg6 40. Bf4 h2 41. Bxh2 Rg2+ 42. Kc3 Rxh2 43. Bb3 Rh7 44. Kd4 Kd7 45. f4 Ke7
46. e5 dxe5+ 47. fxe5 Nd7 48. Bd5 Rh4+ 49. Ke3 b6 50. a4 Rxa4 51. b3 Rb4 52.
Kd3 Nxe5+ 53. Kc3 Rh4 54. b4 f5 55. b5 Kd6 56. Bg2 Rh2 57. Bb7 f4 58. Kd4 f3
59. Ke3 f2 60. Ke2 Nc4 0-1

[Event "Ontario-ch U20 U1800"]
[Site "Mississauga CAN"]
[Date "2019.01.12"]
[Round "3.23"]
[White "Dey, Jan Marten"]
[Black "Yao, Henry"]
[Result "1-0"]
[WhiteElo "1412"]
[BlackElo "1414"]
[PlyCount "153"]
[EventDate "2019.01.12"]
[EventType "swiss"]
[EventRounds "5"]
[EventCountry "CAN"]

1. e4 e5 2. Nf3 Nc6 3. Bc4 Nf6 4. d3 Be7 5. Nc3 d6 6. h3 O-O 7. O-O Be6 8. Bb3
Bxb3 9. axb3 a6 10. d4 exd4 11. Nxd4 Nxd4 12. Qxd4 Qd7 13. Nd5 Nxd5 14. Qxd5 c6
15. Qd3 Rad8 16. Rd1 Bf6 17. c3 Qc8 18. Be3 d5 19. Bb6 Rd7 20. Ra5 Bd8 21. Bxd8
Rfxd8 22. exd5 Rxd5 23. Rxd5 Rxd5 24. Qf3 Rxd1+ 25. Qxd1 h6 26. Qd3 Qe8 27. Kf1
Qe6 28. Qd8+ Kh7 29. Qb6 Qd7 30. Ke2 Kg8 31. b4 Qe6+ 32. Kf1 Qd5 33. Kg1 Qd7
34. g3 Qe7 35. Kg2 Qe4+ 36. Kh2 Qe7 37. Kg2 Qd7 38. c4 Qe7 39. b3 Qd7 40. g4
Qe7 41. f3 Qe2+ 42. Qf2 Qd1 43. Qb6 Qxb3 44. Qxb7 Qxc4 45. Kg3 g5 46. Kg2 Qe2+
47. Kg3 Qf1 48. Qb6 Qb5 49. Qxb5 cxb5 50. f4 f6 51. f5 Kf7 52. Kf3 Ke7 53. Ke3
Kd6 54. Ke4 Kc6 55. Kd4 Kd7 56. Kd5 Ke7 57. Kc6 Ke8 58. Kb6 Kd7 59. Kxa6 Kc6
60. Ka5 Kd5 61. Kxb5 Ke4 62. Kc5 Kf3 63. b5 Kg3 64. b6 Kxh3 65. b7 Kxg4 66.
b8=Q Kxf5 67. Kd4 h5 68. Qb5+ Kg4 69. Qe2+ Kh4 70. Qf2+ Kg4 71. Qxf6 h4 72. Ke3
h3 73. Qf3+ Kh4 74. Kf2 g4 75. Qg3+ Kh5 76. Ke3 Kg5 77. Ke4 1-0

[Event "Ontario-ch U20 U1800"]
[Site "Mississauga CAN"]
[Date "2019.01.13"]
[Round "4.9"]
[White "Sharma, Vishruth"]
[Black "Hua, MIchelle"]
[Result "1-0"]
[WhiteElo "1641"]
[BlackElo "1731"]
[PlyCount "87"]
[EventDate "2019.01.12"]
[EventType "swiss"]
[EventRounds "5"]
[EventCountry "CAN"]

1. e4 c5 2. Nf3 d6 3. d4 cxd4 4. Nxd4 Nf6 5. Nc3 g6 6. Be3 Bg7 7. f3 O-O 8. Qd2
Nc6 9. Bc4 Bd7 10. O-O-O Ne5 11. Bb3 Qa5 12. Kb1 Rfc8 13. Bh6 a6 14. Bxg7 Kxg7
15. g4 b5 16. g5 Nh5 17. Nd5 Qd8 18. f4 Nc4 19. Bxc4 Rxc4 20. f5 Bc6 21. Nxc6
Rxc6 22. Rhf1 f6 23. Rf3 Rac8 24. c3 a5 25. Rdf1 Qf8 26. b3 Qf7 27. Qd4 Rf8 28.
h4 Rc5 29. Kb2 Rcc8 30. fxg6 hxg6 31. Qa7 e6 32. Qxf7+ Rxf7 33. Nxf6 Nxf6 34.
Rxf6 Rcf8 35. Rxf7+ Rxf7 36. Rxf7+ Kxf7 37. c4 b4 38. Kc2 e5 39. Kd3 Ke6 40. c5
dxc5 41. Kc4 Kd6 42. Kb5 c4 43. Kxc4 Kc6 44. h5 1-0

[Event "Ontario-ch U20 U1800"]
[Site "Mississauga CAN"]
[Date "2019.01.13"]
[Round "4.10"]
[White "Locham, Divjot"]
[Black "Chen, Richard"]
[Result "1-0"]
[WhiteElo "1599"]
[BlackElo "1738"]
[PlyCount "69"]
[EventDate "2019.01.12"]
[EventType "swiss"]
[EventRounds "5"]
[EventCountry "CAN"]

1. e4 d6 2. Nf3 Nf6 3. Nc3 g6 4. d4 Bg7 5. Be3 O-O 6. h3 b6 7. Qd2 Bb7 8. Bd3
Nbd7 9. Bh6 c5 10. Bxg7 Kxg7 11. d5 a6 12. O-O-O b5 13. g4 c4 14. g5 cxd3 15.
gxf6+ exf6 16. cxd3 Rc8 17. Kb1 Qa5 18. h4 Nc5 19. h5 Rh8 20. h6+ Kf8 21. Qf4
Qd8 22. d4 Na4 23. Nxa4 bxa4 24. e5 Bxd5 25. exf6 Qb6 26. Rhe1 Rb8 27. Rd2
Bxa2+ 28. Kxa2 a3 29. Qe3 Qb7 30. Qe7+ Qxe7 31. Rxe7 axb2 32. Rxb2 Rxb2+ 33.
Kxb2 a5 34. Ng5 d5 35. Ka3 1-0

[Event "Ontario-ch U20 U1800"]
[Site "Mississauga CAN"]
[Date "2019.01.13"]
[Round "4.11"]
[White "Yuen, Noah"]
[Black "Li, Adam"]
[Result "1-0"]
[WhiteElo "1711"]
[BlackElo "1659"]
[PlyCount "105"]
[EventDate "2019.01.12"]
[EventType "swiss"]
[EventRounds "5"]
[EventCountry "CAN"]

1. d4 d5 2. c4 e6 3. Nc3 Nf6 4. cxd5 exd5 5. Bg5 Be7 6. e3 h6 7. Bh4 Bf5 8. Qb3
O-O 9. Bxf6 Bxf6 10. Nxd5 b6 11. Nxf6+ Qxf6 12. Nf3 Nd7 13. Be2 c5 14. O-O Rfe8
15. Rfd1 cxd4 16. Nxd4 Nc5 17. Qa3 Be4 18. Bf3 Bxf3 19. Nxf3 Ne4 20. h3 Rac8
21. Rac1 Rc5 22. Qb4 Rf5 23. Rd4 Rxf3 24. Rxe4 Rxe4 25. Qxe4 Rf5 26. Rc8+ Kh7
27. g4 g6 28. gxf5 gxf5 29. Qf4 Kg6 30. Qg3+ Kh5 31. Rc4 b5 32. Rf4 Qg5 33.
Qxg5+ Kxg5 34. Kf1 h5 35. h4+ Kf6 36. Ke2 a5 37. Kd3 Kg6 38. Kd4 a4 39. Kc5 a3
40. bxa3 Kf6 41. Kxb5 Ke5 42. a4 Ke6 43. a5 Kd7 44. a6 Kc7 45. a7 Kd6 46. a8=Q
Ke6 47. Qc6+ Ke7 48. Rxf5 f6 49. Qxf6+ Kd7 50. Rg5 Ke8 51. Re5+ Kd7 52. Re7+
Kd8 53. Qf8# 1-0